| 000 | 00555nam a22001937a 4500 | ||
|---|---|---|---|
| 003 | KOHA_MİRAKIL | ||
| 005 | 20251209113553.0 | ||
| 008 | 251209b tu ||||| |||| 00| 0 tur d | ||
| 020 | _a9786050610093 | ||
| 040 |
_aTR-AnABB _btur _cTR-AnABB |
||
| 041 | _atur | ||
| 082 |
_a729.6095653522 _bYIL 2024 |
||
| 100 | 1 | _aYılmaz, Serhat Sabri, | |
| 245 | 1 | 0 |
_aDivriği Ulu Cami ve Darüşşifası / _cSerhat Sabri Yılmaz |
| 260 |
_aSivas : _bABM Grafik Yazılım, _c2024 |
||
| 300 |
_a189 sayfa ; _c32 cm |
||
| 650 | 0 | 4 | _aMimari |
| 942 |
_2ddc _cBK |
||
| 999 |
_c9731 _d9731 |
||
| 900 | _bGizem YORULMAZ | ||